The Habsburgs (Record no. 125207)
[ view plain ]
| 000 -LEADER | |
|---|---|
| fixed length control field | 00430nam a22001457a 4500 |
| 008 - FIXED-LENGTH DATA ELEMENTS--GENERAL INFORMATION | |
| fixed length control field | 160913b xxu||||| |||| 00| 0 eng d |
| 050 ## - LIBRARY OF CONGRESS CALL NUMBER | |
| Classification number | DB36.1.C7 |
| 100 ## - MAIN ENTRY--PERSONAL NAME | |
| Personal name | Crankshaw, Edward |
| 9 (RLIN) | 25656 |
| 245 ## - TITLE STATEMENT | |
| Title | The Habsburgs |
| Statement of responsibility, etc | Edward Crankshaw |
| 260 ## - PUBLICATION, DISTRIBUTION, ETC. (IMPRINT) | |
| Place of publication, distribution, etc | Great Britain |
| Name of publisher, distributor, etc | Corgi Books |
| Date of publication, distribution, etc | 1972 |
| 300 ## - PHYSICAL DESCRIPTION | |
| Extent | 185p. ; |
| Dimensions | 20cm. |
| 650 ## - SUBJECT ADDED ENTRY--TOPICAL TERM | |
| Topical term or geographic name as entry element | Habsburg, House of |
| General subdivision | History |
| 9 (RLIN) | 25657 |
| 650 ## - SUBJECT ADDED ENTRY--TOPICAL TERM | |
| Topical term or geographic name as entry element | Australia |
| General subdivision | Politics |
| 9 (RLIN) | 25658 |
| 942 ## - ADDED ENTRY ELEMENTS (KOHA) | |
| Source of classification or shelving scheme | Library of Congress Classification |
| Item type | Monograph ( Printed materials) |
| Withdrawn status | Lost status | Source of classification or shelving scheme | Damaged status | Not for loan | Collection code | Home library | Current library | Shelving location | Date acquired | Total Checkouts | Full call number | Barcode | Date last seen | Price effective from | Koha item type |
|---|---|---|---|---|---|---|---|---|---|---|---|---|---|---|---|
| Library of Congress Classification | Main Collection | ARRUPE LIBRARY | ARRUPE LIBRARY | Main Collection | 13/09/2016 | DB36.1.C7 | 46500010192 | 07/12/2017 | 13/09/2016 | Monograph ( Printed materials) |